Porovnávacie metódy hodnotenia podnikov a možnosti ich využitia
Charakteristika porovnávacích metód. Výhody a nevýhody použitia metód založených na trhovom princípe. Odvodenie hodnoty podniku z porovnateľných transakcií. Odvodenie hodnoty podniku z údajov o podnikoch uvádzaných na burzu. Úprava podnikateľskej metódy v Slovenskej republike. Praktické využitie por...
Gespeichert in:
| 1. Verfasser: | |
|---|---|
| Weitere Verfasser: | |
| Format: | Buchkapitel |
| Sprache: | Slowakisch |
| Schlagworte: | |
| Tags: |
Keine Tags, Fügen Sie das erste Tag hinzu!
|
MARC
| LEADER | 00000naa$a2200000$$$4500 | ||
|---|---|---|---|
| 001 | 0079131 | ||
| 005 | 20240502071915.0 | ||
| 041 | 0 | |a slo | |
| 044 | |a SK | ||
| 245 | 1 | 0 | |a Porovnávacie metódy hodnotenia podnikov a možnosti ich využitia |c Peter Kardoš, Miroslav Jakubec |
| 520 | |a Charakteristika porovnávacích metód. Výhody a nevýhody použitia metód založených na trhovom princípe. Odvodenie hodnoty podniku z porovnateľných transakcií. Odvodenie hodnoty podniku z údajov o podnikoch uvádzaných na burzu. Úprava podnikateľskej metódy v Slovenskej republike. Praktické využitie porovnávacej metódy v SR. | ||
| 610 | 2 | 0 | |a metódy |
| 610 | 2 | 0 | |a podnik |
| 610 | 2 | 0 | |a porovnanie medzipodnikové |
| 610 | 2 | 0 | |a akcie |
| 610 | 2 | 0 | |a hodnota podniku |
| 100 | 1 | |a Kardoš, Peter | |
| 700 | 1 | |a Jakubec, Miroslav | |